Didáctica de la Educación Física para Primaria
محفوظ في:
| المؤلف الرئيسي: | |
|---|---|
| التنسيق: | كتاب |
| اللغة: | الإسبانية |
| منشور في: |
Madrid
Pearson Prentice Hall
2005
|
| الطبعة: | 5a. ed |
| سلاسل: | Colección Didáctica Primaria
|
| الموضوعات: | |
| الوسوم: |
إضافة وسم
لا توجد وسوم, كن أول من يضع وسما على هذه التسجيلة!
|
MARC
| LEADER | 00000nam a2200000 a 4500 | ||
|---|---|---|---|
| 001 | UCJ9430 | ||
| 003 | CL-VaPUC | ||
| 008 | 070316e20050000SP |||||||||||||||||spa|d | ||
| 020 | |a 8420534560 | ||
| 082 | 0 | 4 | |a 796.07 |b SAN |2 21 |
| 100 | 0 | |a Sánchez Bañuelos, Fernando |e author |9 519442 | |
| 245 | 1 | 0 | |a Didáctica de la Educación Física para Primaria |
| 250 | |a 5a. ed | ||
| 300 | |a 367 p | ||
| 942 | |c BK | ||
| 945 | |d 20070316 00:00:00 |a lvergara | ||
| 260 | |a Madrid |b Pearson Prentice Hall |c 2005 | ||
| 650 | 7 | |a ENSEÑANZA DE LA EDUCACION FISICA |2 CL-VaPUC |9 394746 | |
| 650 | 0 | |a Educación física |9 240893 | |
| 650 | 0 | |a Educación básica |9 224933 | |
| 650 | 0 | |a Métodos de enseñanza |9 270413 | |
| 583 | |a last modification |c 20070316 00:00:00 |k Rodrigo Vera | ||
| 490 | 0 | |a Colección Didáctica Primaria | |
| 999 | |c 324955 |d 324953 | ||
| 952 | |0 0 |1 0 |4 0 |6 796_070000000000000_SAN_2005 |7 0 |8 A |9 405360 |a BIBEDU |b BIBEDU |d 2019-11-22 |i 4323572 |o 796.07 SAN 2005 |p 4323572 |r 2019-11-22 |w 2019-11-22 |y BK |k EFI | ||
| 952 | |0 0 |1 0 |4 0 |6 796_070000000000000_SAN_2005 |7 0 |8 A |9 405361 |a BIBEDU |b BIBEDU |d 2019-11-22 |i 4323599 |o 796.07 SAN 2005 |p 4323599 |r 2019-11-22 |w 2019-11-22 |y BK |k EFI | ||
| 952 | |0 0 |1 0 |4 0 |6 796_070000000000000_SAN_2005 |7 0 |8 A |9 405362 |a BIBEDU |b BIBEDU |d 2019-11-22 |i 4323580 |o 796.07 SAN 2005 |p 4323580 |r 2019-11-22 |w 2019-11-22 |y BK |k EFI | ||
| 952 | |0 0 |1 0 |4 0 |6 796_070000000000000_SAN_2005 |7 0 |8 A |9 405363 |a BIBEDU |b BIBEDU |d 2019-11-22 |i 4323602 |o 796.07 SAN 2005 |p 4323602 |r 2019-11-22 |w 2019-11-22 |y BK |k EFI | ||
| 952 | |0 0 |1 0 |4 0 |6 796_070000000000000_SAN_2005 |7 0 |8 A |9 405364 |a BIBEDU |b BIBEDU |d 2019-11-22 |i 4323629 |l 1 |o 796.07 SAN 2005 |p 4323629 |r 2021-05-25 |s 2021-01-12 |w 2019-11-22 |y BK |k EFI | ||
| 952 | |0 0 |1 0 |4 0 |6 796_070000000000000_SAN_2005 |7 0 |8 A |9 405365 |a BIBEDU |b BIBEDU |d 2019-11-22 |i 4323610 |o 796.07 SAN 2005 |p 4323610 |r 2019-11-22 |w 2019-11-22 |y BK |k EFI | ||